| 000 | 00545cam a2200145 4500500 | ||
|---|---|---|---|
| 005 | 20260208002442.0 | ||
| 041 | _afre | ||
| 042 | _adc | ||
| 100 | 1 | 0 |
_aMasset, Claude _eauthor |
| 245 | 0 | 0 | _aDavid Le Breton, Expériences de la douleur. Entre destruction et renaissance, Paris, Métailié, 2010, 262 p., bibl. (« Traversées ») |
| 260 | _c2011. | ||
| 500 | _a47 | ||
| 786 | 0 | _nL'Homme | 200 | 4 | 2011-11-01 | p. 227d-236d | 0439-4216 | |
| 856 | 4 | 1 | _uhttps://shs.cairn.info/revue-l-homme-2011-4-page-227d?lang=fr&redirect-ssocas=7080 |
| 999 |
_c1646431 _d1646431 |
||